| 000 | 00599nam a2200205 a 4500 | ||
|---|---|---|---|
| 001 | 2975085 | ||
| 005 | 20231124041638.0 | ||
| 008 | 920901s1991 ph b 000 0 eng | ||
| 020 | _a9718605053 | ||
| 040 |
_aDLC _cDLC |
||
| 082 |
_222 _a305,4 _bDEL. |
||
| 100 | 1 | _aAguilar, Delia D. | |
| 245 | 1 | 0 |
_aFilipino housewives speak / _cDelia D. Aguilar ; edited by Marjorie Evasco. |
| 260 |
_aManila, Philippines : _bInstitute of Women's Studies, St. Scholastica's College, _c1991. |
||
| 300 | _a196 p. ; | ||
| 650 | 0 | _aWomen | |
| 650 | 0 | _aWork and family | |
| 700 | 1 |
_aEvasco, Marjorie. _eedt |
|
| 942 | _cL | ||
| 999 |
_c75 _d75 |
||